000 00851 a2200265 4500
003 OSt
005 20180116192358.0
008 120702t xxu||||| |||| 00| 0 eng d
010 _a 2001334986
020 _a0714838977
020 _a9780714843346
035 _a(CStRLIN)NXXA01-B67
040 _c0
082 0 0 _a391.00904
100 1 _aMcDowell, Colin.
_95303
245 1 0 _aFashion today /
_cColin McDowell.
260 _aLondon :
_bPhaidon,
_c2000.
300 _a512 p. :
_bill. (chiefly col.), ports. ;
_c29 cm.
650 1 0 _aFashion
_xHistory
_y20th century.
_95304
650 1 0 _aClothing and dress
_xHistory
_y20th century.
_95305
650 1 0 _aCostume design
_xHistory
_y20th century.
_95306
650 1 0 _aFashion designers
_95307
942 _aSADA
_cBK
_k391.00904 MCD 2000
_2ddc
999 _c353196
_d353196